Erkenntnis (1975-)

Detalles Bibliográficos
Formato: Electrónico Revista
Idioma:English
Publicado: Springer
Subjects:
Acceso en liña:Full text available on JSTOR[1975-05-01 - 2019-12-01]
Off-campus access
LEADER 00953cas a2200217 a 4500
001 AALejournalJSTOR000144
008 230228c9999 xx r poo 0 0eng d
022 |a 0165-0106 
022 |a 1572-8420 
040 |a BD-DhAAL  |c BD-DhAAL 
245 0 0 |h [electronic resource]  |a Erkenntnis (1975-) 
260 |b Springer 
300 |a 1 online resource 
362 0 |a Vol. 9,  |a no. 1 
500 |a <strong>Off-Campus Access:</strong> Athens ID and Password Required 
500 |a <strong>On-Campus Access:</strong> No User ID or Password Required 
506 |a Electronic access restricted to authorized BRAC University faculty, staff and students 
538 |a Mode of access: Internet 
650 4 |a Humanities ; Philosophy 
856 4 0 |z Full text available on JSTOR[1975-05-01 - 2019-12-01]  |u https://www.jstor.org/journal/erkenntnis2 
856 4 0 |z Off-campus access  |u https://go.openathens.net/redirector/bracu.ac.bd?url=https%3A%2F%2Fwww.jstor.org%2Fjournal%2Ferkenntnis2